|
|
|
|
| LEADER |
01474nam a2200385 a 4500 |
| 001 |
EBC682203 |
| 003 |
MiAaPQ |
| 005 |
20200520144314.0 |
| 006 |
m o d | |
| 007 |
cr cn||||||||| |
| 008 |
110425s2008 ne ab sb 000 0 eng d |
| 020 |
|
|
|z 9789004158405
|
| 020 |
|
|
|a 9789047442660 (electronic bk.)
|
| 035 |
|
|
|a (MiAaPQ)EBC682203
|
| 035 |
|
|
|a (Au-PeEL)EBL682203
|
| 035 |
|
|
|a (CaPaEBR)ebr10461244
|
| 035 |
|
|
|a (CaONFJC)MIL306147
|
| 035 |
|
|
|a (OCoLC)711004354
|
| 040 |
|
|
|a MiAaPQ
|c MiAaPQ
|d MiAaPQ
|
| 043 |
|
|
|a f------
|
| 050 |
|
4 |
|a HC800.Z9
|b I57 2008
|
| 245 |
0 |
0 |
|a Inside poverty and development in Africa
|h [electronic resource] :
|b critical reflections on pro-poor policies /
|c edited by Marcel Rutten, Andre Leliveld, Dick Foeken.
|
| 260 |
|
|
|a Leiden [Netherlands] ;
|a Boston :
|b Brill,
|c 2008.
|
| 300 |
|
|
|a x, 306 p. :
|b ill.,maps.
|
| 490 |
1 |
|
|a African dynamics,
|x 1568-1777 ;
|v v. 7
|
| 504 |
|
|
|a Includes bibliographical references.
|
| 533 |
|
|
|a Electronic reproduction. Ann Arbor, MI : ProQuest, 2015. Available via World Wide Web. Access may be limited to ProQuest affiliated libraries.
|
| 650 |
|
0 |
|a Poverty
|x Government policy
|z Africa.
|
| 650 |
|
0 |
|a Community development.
|
| 655 |
|
4 |
|a Electronic books.
|
| 700 |
1 |
|
|a Rutten, Marcel.
|
| 700 |
1 |
|
|a Leliveld, Andre.
|
| 710 |
2 |
|
|a ProQuest (Firm)
|
| 830 |
|
0 |
|a African dynamics ;
|v 7.
|
| 856 |
4 |
0 |
|u https://ebookcentral.proquest.com/lib/matrademy/detail.action?docID=682203
|z Click to View
|